Najwięksi partnerzy handlowi - Kolumbia - Statystyki

Ogólne statystyki
  • Ten quiz został rozwiązany 143 razy
  • Średni wynik to 18 z 22
Statystyki odpowiedzi
Eksport Import Państwo % Poprawnych
0.995 bil 2.12 bil Brazylia
98%
10.1 bil 11.9 bil Stany Zjednoczone
98%
0.767 bil Kanada
94%
1.21 bil 8.68 bil Chiny
93%
0.829 bil Francja
91%
0.937 bil 3.41 bil Meksyk
90%
1.16 bil 0.918 bil Hiszpania
88%
1.12 bil Japonia
88%
0.476 bil 1.71 bil Niemcy
87%
0.482 bil Zjednoczone Królestwo
86%
0.614 bil Wenezuela
85%
1.05 bil 0.682 bil Peru
84%
0.670 bil 0.721 bil Chile
81%
1.20 bil 0.805 bil Ekwador
80%
0.439 bil 0.762 bil Włochy
80%
0.946 bil Indie
79%
0.534 bil Boliwia
71%
1.91 bil Panama
70%
0.889 bil Korea Południowa
67%
0.761 bil Turcja
63%
0.451 bil Belgia
61%
1.54 bil Holandia
60%
Nie znaleziono quizów pasujących do podanych kryteriów
Rozkład punktacji
Procent ludzi z każdym wynikiem
Percentyl według liczby udzielonych odpowiedzi
Twoja historia wyników
Nie rozwiązałeś tego quizu